In - service primary teacher education in Asia

Guardat en:
Dades bibliogràfiques
Autor principal: APEID
Format: Llibre
Idioma:Undetermined
Publicat: Bangkok UNESCO 1982
Matèries:
Etiquetes: Afegir etiqueta
Sense etiquetes, Sigues el primer a etiquetar aquest registre!
Thư viện lưu trữ: Trung tâm Học liệu Trường Đại học Cần Thơ
LEADER 00491nam a2200181Ia 4500
001 CTU_34241
008 210402s9999 xx 000 0 und d
082 |a 372 
082 |b A639 
100 |a APEID 
245 0 |a In - service primary teacher education in Asia 
245 0 |c APEID 
260 |a Bangkok 
260 |b UNESCO 
260 |c 1982 
650 |a primary school teachers 
904 |i Nguyễn Quang Điền, 991130 
980 |a Trung tâm Học liệu Trường Đại học Cần Thơ